00927cam a22002531 4500001001300000003000400013005001700017008004100034010001700075035002000092040005100112042001200163050002300175110003600198245016900234260002400403300004500427504002500472650003600497650004000533650004100573700004200614999001700656gs 49000208 DLC20260227111355.0860620s1948 kyuab 000 0 eng c ags 49000208  a(OCoLC)13758214 aU.S. Geol. Survey. Libr.cKyUdKyUdOCoLCdDLC apremarc00aQE116.L75bA5 19481 aKentucky.bDivision of Geology.10aGeology and ground-water resources of the London area, Kentucky, by E.G. Otton. Prepared in cooperation with the Geological Survey, U.S. Department of the Interior. a[Lexington?]c1948. a47 p.billus., maps (part fold.)c27 cm. aBibliography: p. 47. 0aGeologyzKentuckyzLondon area. 0aGroundwaterzKentuckyzLondon area. 0aWater-supplyzKentuckyzLondon area.1 aOtton, E. G.q(Edmond George),d1918- c28394d28394